Normal view
MARC view
- تاليف عبيدات، ذوقان، م. مشارك كايد عبدالحق، م.مشا ك عبدالرحمن عدس
Entry Personal Name
001 - CONTROL NUMBER
- control field: 60622
003 - CONTROL NUMBER IDENTIFIER
- control field: JO-AjAnu
005 - DATE AND TIME OF LATEST TRANSACTION
- control field: 20230606083916.0
008 - FIXED-LENGTH DATA ELEMENTS
- fixed length control field: 230606|| aca||aabn | a|a d
040 ## - CATALOGING SOURCE
- Original cataloging agency: JO-AjAnu
- Transcribing agency: JO-AjAnu
100 ## - HEADING--PERSONAL NAME
- Personal name: تاليف عبيدات، ذوقان، م. مشارك كايد عبدالحق، م.مشا ك عبدالرحمن عدس
670 ## - SOURCE DATA FOUND
- Source citation: Work cat.: (JO-AjAnu)30915: تاليف عبيدات، ذوقان، م. مشارك كايد عبدالحق، م.مشا ك عبدالرحمن عدس, author, البحث العلمي: مفهومه واداواته واساليبه=SCIENTIFIC RESEARCH